[Event "2023 John Brooke Cup"]
[Site "Woodvale, Perth WA AUS"]
[Date "2023.08.30"]
[Round "3"]
[White "May, Wendy"]
[Black "Rennie, Mike"]
[Result "0-1"]
[WhiteElo "914"]
[BlackElo "891"]
[PlyCount "126"]
[EventDate "2023.08.09"]
[EventType "swiss"]
[EventRounds "7"]
[EventCountry "AUS"]
[TimeControl "3600+30"]

1. e4 e5 2. Nf3 d6 3. d4 Nc6 4. d5 Nce7 5. Bb5+ Bd7 6. Nc3 a6 7. Be2 Nf6 8. Ng5
Ng6 9. Bh5 Qc8 10. Bxg6 hxg6 11. h3 b5 12. O-O b4 13. Ne2 Bb5 14. f4 Be7 15.
fxe5 dxe5 16. a4 Bc5+ 17. Kh1 Bd7 18. b3 Bg4 19. Qd3 a5 20. Bb2 Bd6 21. Qb5+
Bd7 22. Qd3 Qb7 23. c3 Rh5 24. Bc1 c5 25. dxc6 Qxc6 26. g4 Bxg4 27. Ng3 Rh4 28.
Qc4 Qd7 29. Qxf7+ Qxf7 30. Nxf7 Kxf7 31. Bg5 Rxh3+ 32. Kg2 Rah8 33. Rh1 bxc3
34. Rad1 Nxe4 35. Rdf1+ Nf6 36. Ne4 Ke6 37. Nxf6 gxf6 38. Rxf6+ Kd7 39. Rf7+
Kc6 40. Rc1 Rh2+ 41. Kg3 Be6 42. Rxc3+ Kd5 43. Rd3+ Kc6 44. Rf6 e4+ 45. Rxd6+
Kxd6 46. Bf4+ Ke7 47. Rxg6 R2h3+ 48. Kg2 e3 49. Rg7+ Kf8 50. Rg6 Bd5+ 51. Kf1
Rh1+ 52. Ke2 R8h2+ 53. Bxh2 Rxh2+ 54. Kxe3 Rh3+ 55. Kd4 Bxb3 56. Rf6+ Kg7 57.
Ra6 Rh4+ 58. Kc5 Rxa4 59. Kb5 Bc4+ 60. Kb6 Bxa6 61. Kxa6 Ra1 62. Kb5 a4 63. Kb4
Kf6 0-1

[Event "2023 Wolfgang Leonhardt Cup"]
[Site "Woodvale, Perth WA AUS"]
[Date "2023.09.06"]
[Round "4"]
[White "Plaganyi, Gyula"]
[Black "Maggs, Derwent"]
[Result "0-1"]
[WhiteElo "1972"]
[WhiteTitle "CM"]
[BlackElo "2251"]
[PlyCount "54"]
[EventDate "2023.08.09"]
[EventType "swiss"]
[EventRounds "7"]
[EventCountry "AUS"]
[TimeControl "3600+30"]

1. e4 c5 2. Nc3 Nc6 3. f4 g6 4. Bb5 Nd4 5. Nf3 Nxb5 6. Nxb5 Bg7 7. O-O a6 8.
Nc3 e6 9. f5 Ne7 10. fxe6 dxe6 11. d3 O-O 12. Qe1 Nc6 13. Bg5 f6 14. Be3 b6 15.
Qh4 Ra7 16. Rad1 Nd4 17. Rd2 Rd7 18. Ne2 e5 19. Nfxd4 cxd4 20. Bf2 Rd6 21. g4
Be6 22. a3 Qd7 23. g5 Bh3 24. Re1 fxg5 25. Qxg5 Rdf6 26. Ng3 h6 27. Qh4 g5 0-1

[Event "2023 Wolfgang Leonhardt Cup"]
[Site "Woodvale, Perth WA AUS"]
[Date "2023.09.06"]
[Round "4"]
[White "Davoll, Josh"]
[Black "Lakner, Jay"]
[Result "0-1"]
[WhiteElo "1917"]
[BlackElo "2144"]
[PlyCount "104"]
[EventDate "2023.08.09"]
[EventType "swiss"]
[EventRounds "7"]
[EventCountry "AUS"]
[TimeControl "3600+30"]

1. e4 d5 2. exd5 Qxd5 3. Nf3 c5 4. Nc3 Qd8 5. Bb5+ Bd7 6. Bxd7+ Qxd7 7. d4 cxd4
8. Qxd4 Qxd4 9. Nxd4 Na6 10. Be3 e6 11. Ndb5 b6 12. O-O-O Nf6 13. Nd6+ Bxd6 14.
Rxd6 Nc7 15. Rd2 Nfd5 16. Nxd5 Nxd5 17. Bd4 O-O 18. Kb1 b5 19. h4 Rfc8 20. h5
h6 21. Rh4 Rc6 22. g4 f6 23. Rh3 a6 24. a3 Kf7 25. b3 Rac8 26. Kb2 R8c7 27.
Rhd3 a5 28. c3 Nf4 29. Rf3 e5 30. Be3 Rxc3 31. Bb6 Rxf3 32. Bxc7 a4 33. bxa4
bxa4 34. Rd7+ Ke6 35. Rd6+ Ke7 36. Ra6 Rxf2+ 37. Kb1 Nd5 38. Ba5 e4 39. Ra7+
Ke6 40. Rxg7 e3 41. Kc1 Ra2 42. Kd1 Rxa3 43. Ra7 Ra2 44. Ra6+ Ke5 45. Ke1 Kd4
46. Rc6 Kd3 47. Kf1 Rf2+ 48. Kg1 Rf4 49. Rd6 Rxg4+ 50. Kf1 Rg5 51. Bd8 e2+ 52.
Kf2 Rf5+ 0-1

[Event "2023 Wolfgang Leonhardt Cup"]
[Site "Woodvale, Perth WA AUS"]
[Date "2023.09.06"]
[Round "4"]
[White "Maris, Rob"]
[Black "Stortz, Robert"]
[Result "1-0"]
[WhiteElo "2044"]
[BlackElo "1796"]
[PlyCount "55"]
[EventDate "2023.08.09"]
[EventType "swiss"]
[EventRounds "7"]
[EventCountry "AUS"]
[TimeControl "3600+30"]

1. c4 c6 2. d4 d5 3. Nf3 Nf6 4. Nc3 e6 5. e3 Nbd7 6. Qc2 Bd6 7. Bd3 dxc4 8.
Bxc4 b5 9. Bd3 a6 10. Ng5 Bb7 11. Nce4 Nxe4 12. Nxe4 Bc7 13. b3 Rc8 14. Ba3 Nf6
15. Nc5 Ba8 16. Nxa6 Ba5+ 17. Ke2 Qb6 18. Nc5 Nd5 19. Bxh7 Nc3+ 20. Kf1 b4 21.
Bb2 g6 22. Bxg6 fxg6 23. Qxg6+ Kd8 24. Qf6+ Kc7 25. Qe5+ Kd8 26. Qd6+ Ke8 27.
Qd7+ Kf8 28. Nxe6+ 1-0

[Event "2023 Wolfgang Leonhardt Cup"]
[Site "Woodvale, Perth WA AUS"]
[Date "2023.09.06"]
[Round "4"]
[White "Bhatia, Abhay"]
[Black "Saxon, Marc"]
[Result "0-1"]
[WhiteElo "1678"]
[BlackElo "2053"]
[PlyCount "58"]
[EventDate "2023.08.09"]
[EventType "swiss"]
[EventRounds "7"]
[EventCountry "AUS"]
[TimeControl "3600+30"]

1. e4 c5 2. Nf3 g6 3. Bc4 Bg7 4. Ng5 e6 5. d3 Ne7 6. h4 d5 7. exd5 exd5 8. Nxf7
Kxf7 9. Qf3+ Kg8 10. Bb3 Be6 11. h5 Qf8 12. Qe3 Qf7 13. h6 Bd4 14. Qe2 Nbc6 15.
c3 Bf6 16. Bf4 c4 17. dxc4 dxc4 18. Bc2 Nd5 19. Bd2 Re8 20. O-O Ne5 21. f4 Bg4
22. Qf2 Bd8 23. Qg3 Be2 24. Re1 Nd3 25. Ba4 Re4 26. Bc2 Bb6+ 27. Kh1 Bf2 28.
Qg5 Bxe1 29. Bxe1 Ne7 0-1

[Event "2023 Wolfgang Leonhardt Cup"]
[Site "Woodvale, Perth WA AUS"]
[Date "2023.09.06"]
[Round "4"]
[White "Janceski, Alex"]
[Black "Gough, Dylan"]
[Result "1-0"]
[WhiteElo "1879"]
[BlackElo "1762"]
[PlyCount "63"]
[EventDate "2023.08.09"]
[EventType "swiss"]
[EventRounds "7"]
[EventCountry "AUS"]
[TimeControl "3600+30"]

1. d4 Nf6 2. c4 e6 3. a3 d5 4. e3 b6 5. Nf3 Bb7 6. Nbd2 Nbd7 7. Be2 Be7 8. b4
dxc4 9. Nxc4 Ne4 10. Bb2 O-O 11. O-O Bd5 12. Rc1 c5 13. b5 Rc8 14. Ncd2 cxd4
15. Nxd4 Rxc1 16. Qxc1 Qa8 17. Nxe4 Bxe4 18. Bf3 Bxf3 19. Nxf3 Nc5 20. Rd1 Rc8
21. Qb1 Ne4 22. Nd4 Bxa3 23. Nc6 Bxb2 24. Qxb2 Kh8 25. Rd7 a6 26. Ra7 Qxa7 27.
Nxa7 Ra8 28. Qe5 Nf6 29. bxa6 h6 30. h3 Kh7 31. Qc7 Kg6 32. Qxb6 1-0

[Event "2023 Wolfgang Leonhardt Cup"]
[Site "Woodvale, Perth WA AUS"]
[Date "2023.09.06"]
[Round "4"]
[White "Kerr, Lennon"]
[Black "Doshi, Chirag"]
[Result "1-0"]
[WhiteElo "1576"]
[BlackElo "1870"]
[PlyCount "49"]
[EventDate "2023.08.09"]
[EventType "swiss"]
[EventRounds "7"]
[EventCountry "AUS"]
[TimeControl "3600+30"]

1. e4 e5 2. Nf3 Nc6 3. Bb5 d6 4. d4 exd4 5. Nxd4 Bd7 6. Nc3 Nf6 7. Bg5 Be7 8.
Qd2 O-O 9. O-O Nxd4 10. Qxd4 Bxb5 11. Nxb5 a6 12. Nc3 h6 13. Bh4 Re8 14. Rad1
Qc8 15. f4 Qg4 16. Bg3 Nh5 17. Rf3 Bf6 18. Qd5 Bxc3 19. Rxc3 c6 20. Qd4 Rxe4
21. Qxd6 Rae8 22. h3 Qc8 23. Kh2 Nf6 24. Bh4 Nd5 25. Rxd5 1-0

[Event "2023 Wolfgang Leonhardt Cup"]
[Site "Woodvale, Perth WA AUS"]
[Date "2023.09.06"]
[Round "4"]
[White "Kerr, Carter"]
[Black "O'Shaughnessy, Dave"]
[Result "0-1"]
[WhiteElo "1485"]
[BlackElo "1977"]
[PlyCount "86"]
[EventDate "2023.08.09"]
[EventType "swiss"]
[EventRounds "7"]
[EventCountry "AUS"]
[TimeControl "3600+30"]

1. e4 d5 2. exd5 Qxd5 3. Nc3 Qd8 4. Nf3 Bg4 5. Bc4 e6 6. d3 Nf6 7. Bg5 Be7 8.
O-O Nbd7 9. Re1 O-O 10. h3 Bh5 11. Qe2 Re8 12. Ne4 Nb6 13. Ng3 Nxc4 14. dxc4
Bxf3 15. Qxf3 c6 16. Rad1 Qa5 17. Bh4 Rad8 18. Ne4 Nxe4 19. Bxe7 Rxe7 20. Qxe4
Red7 21. Rxd7 Rxd7 22. a3 Qd2 23. Qe3 Qxe3 24. Rxe3 Kf8 25. Kf1 Ke7 26. Ke2 f6
27. f4 Rd4 28. Rb3 b6 29. c5 bxc5 30. Ke3 Rd7 31. Rd3 Rd5 32. c4 Rxd3+ 33. Kxd3
f5 34. h4 e5 35. g3 e4+ 36. Ke3 Kf6 37. g4 fxg4 38. Kxe4 h5 39. b4 cxb4 40.
axb4 Ke6 41. f5+ Kf6 42. c5 a6 43. Kf4 g3 0-1

[Event "2023 Wolfgang Leonhardt Cup"]
[Site "Woodvale, Perth WA AUS"]
[Date "2023.09.06"]
[Round "4"]
[White "Leonhardt, Wolfgang"]
[Black "Berry, Alistair"]
[Result "1-0"]
[WhiteElo "1760"]
[BlackElo "1383"]
[PlyCount "35"]
[EventDate "2023.08.09"]
[EventType "swiss"]
[EventRounds "7"]
[EventCountry "AUS"]
[TimeControl "3600+30"]

1. e4 e5 2. Nf3 Nc6 3. d4 exd4 4. Nxd4 Qh4 5. Nxc6 Qxe4+ 6. Be3 Qxc6 7. a3 Nf6
8. Nc3 Be7 9. Be2 O-O 10. Bf3 Qe6 11. O-O Bd6 12. Re1 Qe5 13. g3 Qe8 14. Bg5
Qd8 15. Nd5 c6 16. Nxf6+ gxf6 17. Bh6 Re8 18. Qxd6 1-0

[Event "2023 Wolfgang Leonhardt Cup"]
[Site "Woodvale, Perth WA AUS"]
[Date "2023.09.06"]
[Round "4"]
[White "Akers, Gerard"]
[Black "Garang, Kuol Awan"]
[Result "0-1"]
[WhiteElo "1562"]
[BlackElo "1632"]
[PlyCount "114"]
[EventDate "2023.08.09"]
[EventType "swiss"]
[EventRounds "7"]
[EventCountry "AUS"]
[TimeControl "3600+30"]

1. e4 e5 2. Nf3 Nc6 3. Bb5 Bc5 4. Bxc6 dxc6 5. h3 Nf6 6. d3 O-O 7. O-O Re8 8.
Bg5 b5 9. Re1 a5 10. c3 Qd6 11. d4 exd4 12. e5 Qd5 13. exf6 Rxe1+ 14. Qxe1 Bxh3
15. Qe5 Be6 16. Qxd5 Bxd5 17. Nxd4 h6 18. Be3 gxf6 19. Bxh6 Kh7 20. Bf4 Rg8 21.
Bg3 Rg4 22. Nf3 Bxf3 23. gxf3 Rxg3+ 24. Kh2 Rxf3 25. Na3 Rxf2+ 26. Kg3 Rxb2 27.
Rf1 Bd6+ 28. Kg4 Rg2+ 29. Kf5 Bxa3 30. Kxf6 Kg8 31. Rd1 Rxa2 32. Rd8+ Bf8 33.
Rd7 Rf2+ 34. Kg5 Bd6 35. Kh6 Rh2+ 36. Kg5 Rg2+ 37. Kh6 Rg6+ 38. Kh5 a4 39. Rd8+
Kg7 40. Ra8 a3 41. Ra6 c5 42. Rxa3 Rg3 43. Ra5 f5 44. Rxb5 Kf6 45. Kh4 Rxc3 46.
Rb2 Kg6 47. Rg2+ Kf6 48. Rg8 Rc1 49. Kh3 Rh1+ 50. Kg2 Rh2+ 51. Kf3 c4 52. Ra8
Be5 53. Ra6+ Kg5 54. Rc6 c3 55. Rc5 Bd6 56. Rc4 c2 57. Ke3 c1=Q+ 0-1

[Event "2023 John Brooke Cup"]
[Site "Woodvale, Perth WA AUS"]
[Date "2023.09.06"]
[Round "4"]
[White "Curtis, Calan"]
[Black "Young, Manfred"]
[Result "1-0"]
[WhiteElo "1300"]
[BlackElo "1090"]
[PlyCount "51"]
[EventDate "2023.08.09"]
[EventType "swiss"]
[EventRounds "7"]
[EventCountry "AUS"]
[TimeControl "3600+30"]

1. d4 e6 2. Nc3 c6 3. e4 d6 4. Be3 Be7 5. Qd2 Nf6 6. h3 Qb6 7. O-O-O d5 8. e5
Ne4 9. Nxe4 dxe4 10. d5 Qc7 11. d6 Bxd6 12. Qxd6 Qxd6 13. exd6 Bd7 14. Bc4 O-O
15. Ne2 b5 16. Bb3 Na6 17. Rhe1 Nb4 18. Nc3 Nd5 19. Nxe4 Rfd8 20. Nc5 Bc8 21.
d7 Bxd7 22. Nxd7 Nxe3 23. Rxe3 g6 24. Red3 Kg7 25. Nc5 Rxd3 26. Rxd3 1-0

[Event "2023 John Brooke Cup"]
[Site "Woodvale, Perth WA AUS"]
[Date "2023.09.06"]
[Round "4"]
[White "Brooke, John"]
[Black "Sethuraman, Jaswanth Ram"]
[Result "0-1"]
[WhiteElo "1435"]
[BlackElo "824"]
[PlyCount "88"]
[EventDate "2023.08.09"]
[EventType "swiss"]
[EventRounds "7"]
[EventCountry "AUS"]
[TimeControl "3600+30"]

1. d4 d5 2. Bf4 Nc6 3. Nc3 e6 4. a3 Nf6 5. Nb5 Bd6 6. Bg5 h6 7. Nxd6+ cxd6 8.
Be3 Qb6 9. b4 a5 10. c3 Ne4 11. Qc2 axb4 12. Qb3 Nxc3 13. Nf3 Nb5 14. a4 Nbxd4
15. Nxd4 Nxd4 16. Qb2 e5 17. g3 Bf5 18. Rc1 b3 19. Bg2 Be4 20. O-O O-O 21. Rfd1
Rxa4 22. Bxe4 dxe4 23. Bxd4 exd4 24. Rb1 Rb4 25. Kg2 Rc8 26. Rdc1 Rc2 27. Rxc2
bxc2 28. Qxb4 Qxb4 29. Rxb4 c1=Q 30. Rxd4 Qc6 31. e3 b5 32. h4 Qc5 33. g4 b4
34. f3 exf3+ 35. Kxf3 b3 36. Ke4 b2 37. Rd1 Qc2+ 38. Rd3 b1=Q 39. g5 Qxd3+ 40.
Kf4 Qb4+ 41. Kf3 Qbe4+ 42. Kf2 Qd2+ 43. Kf1 Qf3+ 44. Kg1 Qdg2# 0-1

[Event "2023 John Brooke Cup"]
[Site "Woodvale, Perth WA AUS"]
[Date "2023.09.06"]
[Round "4"]
[White "Lanham, Bruce"]
[Black "Massam, Justin"]
[Result "0-1"]
[WhiteElo "1206"]
[BlackElo "1479"]
[PlyCount "32"]
[EventDate "2023.08.09"]
[EventType "swiss"]
[EventRounds "7"]
[EventCountry "AUS"]
[TimeControl "3600+30"]

1. d4 d5 2. Nf3 Nf6 3. g3 Nc6 4. Bg2 Bg4 5. O-O e6 6. Ne5 Bf5 7. c4 Nxe5 8.
dxe5 Ne4 9. Qa4+ c6 10. Rd1 Nc5 11. Qa3 Qb6 12. cxd5 Nd3 13. Qb3 Qxf2+ 14. Kh1
Qxe2 15. Bf1 Be4+ 16. Bg2 Qxg2# 0-1

[Event "2023 John Brooke Cup"]
[Site "Woodvale, Perth WA AUS"]
[Date "2023.09.06"]
[Round "4"]
[White "Hounsome, David"]
[Black "Rennie, Mike"]
[Result "1-0"]
[WhiteElo "1370"]
[BlackElo "891"]
[PlyCount "51"]
[EventDate "2023.08.09"]
[EventType "swiss"]
[EventRounds "7"]
[EventCountry "AUS"]
[TimeControl "3600+30"]

1. b3 e5 2. Bb2 d6 3. e3 Nc6 4. Bb5 Bd7 5. Nf3 Be7 6. O-O Nh6 7. d4 e4 8. Nfd2
O-O 9. Nxe4 Bf6 10. Nxf6+ Qxf6 11. c4 a6 12. Bxc6 bxc6 13. Nd2 d5 14. Re1 g6
15. e4 Rfe8 16. e5 Qf5 17. Qf3 Qc2 18. Bc1 Bg4 19. Qf4 Qf5 20. Qxh6 Re6 21. Qe3
Qh5 22. h3 Bf5 23. g4 Qh6 24. Qxh6 Bd3 25. Nf3 Rf8 26. Ng5 1-0

[Event "2023 John Brooke Cup"]
[Site "Woodvale, Perth WA AUS"]
[Date "2023.09.06"]
[Round "4"]
[White "Gough, Sebastian"]
[Black "Frankland, David"]
[Result "1-0"]
[WhiteElo "1072"]
[BlackElo "1098"]
[PlyCount "135"]
[EventDate "2023.08.09"]
[EventType "swiss"]
[EventRounds "7"]
[EventCountry "AUS"]
[TimeControl "3600+30"]

1. d4 d5 2. Nc3 e6 3. Bf4 Bb4 4. Qd3 Nc6 5. Nf3 f6 6. O-O-O Bxc3 7. Qxc3 Nge7
8. e3 g5 9. Bg3 Nf5 10. Be2 Nxg3 11. hxg3 Qd6 12. Nd2 Nb4 13. Kb1 Bd7 14. Rh6
f5 15. Bh5+ Ke7 16. Rh1 Ba4 17. b3 Bb5 18. Qc5 c6 19. Qxd6+ Kxd6 20. Bf7 Ke7
21. Rxh7 Rxh7 22. Rxh7 Kf6 23. Nf3 Bf1 24. Ne5 Rd8 25. Rh6+ Ke7 26. Rxe6+ Kf8
27. Rg6 Bxg2 28. Rxg5 Be4 29. Rg8+ Ke7 30. Rxd8 Kxd8 31. Kb2 Nxc2 32. Be6 Ke7
33. Bc8 Nb4 34. Bxb7 Kd6 35. a3 Nd3+ 36. Nxd3 Bxd3 37. Kc3 Be4 38. b4 Kc7 39.
Ba8 Bf3 40. a4 Kb6 41. Bxc6 Kxc6 42. b5+ Kb6 43. Kb4 a6 44. a5+ Ka7 45. b6+ Kb7
46. Kc5 Be4 47. Kd6 Bf3 48. Ke5 Be4 49. f3 Bxf3 50. Kxf5 Be4+ 51. Kf6 Bf3 52.
Ke5 Be4 53. g4 Bf3 54. g5 Be4 55. g6 Bxg6 56. Kxd5 Be8 57. e4 Bc6+ 58. Ke5 Be8
59. Kd6 Bh5 60. e5 Bf3 61. e6 Kc8 62. e7 Bh5 63. d5 Bf7 64. b7+ Kxb7 65. Kd7
Bg6 66. d6 Bf7 67. e8=Q Bxe8+ 68. Kxe8 1-0

[Event "2023 John Brooke Cup"]
[Site "Woodvale, Perth WA AUS"]
[Date "2023.09.06"]
[Round "4"]
[White "Markou, Victor"]
[Black "Powell, Darren"]
[Result "0-1"]
[WhiteElo "1039"]
[BlackElo "1337"]
[PlyCount "119"]
[EventDate "2023.08.09"]
[EventType "swiss"]
[EventRounds "7"]
[EventCountry "AUS"]
[TimeControl "3600+30"]

1. e4 e5 2. Nf3 Nc6 3. d3 h6 4. g3 d6 5. Bg2 Nf6 6. O-O Bg4 7. Re1 Be7 8. Nbd2
Qd7 9. Nf1 O-O-O 10. Ne3 d5 11. Nxg4 Nxg4 12. Nh4 Bc5 13. Bh3 h5 14. Be3 Bxe3
15. fxe3 Kb8 16. Nf5 f6 17. Bxg4 hxg4 18. Qxg4 Rh7 19. Qf3 g6 20. Nh4 Qf7 21.
Rf1 Rd6 22. exd5 Nb4 23. Rf2 Nxd5 24. e4 Ne7 25. Qg4 Rh5 26. Re1 Rg5 27. Qxg5
fxg5 28. Rxf7 gxh4 29. Rf8+ Nc8 30. Ref1 b6 31. R1f3 g5 32. gxh4 gxh4 33. Rh3
Rh6 34. Rf5 Ne7 35. Rxe5 Rh7 36. Rg5 Kb7 37. Kf2 Rf7+ 38. Kg2 Rf4 39. Rg4 Rxg4+
40. Kf3 Rg7 41. Rxh4 Rf7+ 42. Kg3 Ng6 43. Rg4 Ne5 44. Rf4 Rg7+ 45. Kh3 Nc6 46.
c3 Ne5 47. d4 Nd3 48. Rf3 Nxb2 49. e5 c6 50. e6 Rg1 51. Rf7+ Ka6 52. e7 Re1 53.
Kg2 Nc4 54. Kf2 Re6 55. h4 Nd6 56. h5 Nxf7 57. c4 Rxe7 58. d5 cxd5 59. cxd5 Re5
60. Kf3 0-1

[Event "2023 John Brooke Cup"]
[Site "Woodvale, Perth WA AUS"]
[Date "2023.09.06"]
[Round "4"]
[White "Owen, Geoffrey"]
[Black "Jahn, Harold"]
[Result "1-0"]
[WhiteElo "1030"]
[BlackElo "1081"]
[PlyCount "77"]
[EventDate "2023.08.09"]
[EventType "swiss"]
[EventRounds "7"]
[EventCountry "AUS"]
[TimeControl "3600+30"]

1. e4 e5 2. Nf3 f6 3. Nxe5 fxe5 4. Qh5+ g6 5. Qxe5+ Qe7 6. Qxh8 Nf6 7. Nc3 c6
8. d3 d6 9. Bg5 Nbd7 10. Be2 b5 11. b4 Bb7 12. O-O O-O-O 13. Bg4 Kc7 14. Rfe1
Bg7 15. Qxh7 Rh8 16. Qxg6 Qe5 17. f4 Qxc3 18. Qxg7 Qd4+ 19. Kh1 Rxh2+ 20. Kxh2
Nxg4+ 21. Kh3 Qxg7 22. Kxg4 Bc8 23. Kf3 Qf7 24. d4 Qc4 25. a4 Qxb4 26. axb5
Qxb5 27. Reb1 Qc4 28. Rxa7+ Bb7 29. Rbxb7+ Kc8 30. Rxd7 Kb8 31. Rh7 Qxd4 32.
Rae7 Qd1+ 33. Kg3 Qe1+ 34. Kg4 Qe2+ 35. Kf5 Qb5+ 36. e5 Qa6 37. Re8+ Qc8+ 38.
Rxc8+ Kxc8 39. e6 1-0

[Event "2023 John Brooke Cup"]
[Site "Woodvale, Perth WA AUS"]
[Date "2023.09.06"]
[Round "4"]
[White "Porteus, Grant"]
[Black "May, Wendy"]
[Result "1-0"]
[WhiteElo "1381"]
[BlackElo "914"]
[PlyCount "71"]
[EventDate "2023.08.09"]
[EventType "swiss"]
[EventRounds "7"]
[EventCountry "AUS"]
[TimeControl "3600+30"]

1. d4 d5 2. Bf4 e6 3. Nf3 Nc6 4. c3 h6 5. Nbd2 g5 6. Bg3 f5 7. h4 g4 8. Ne5
Nxe5 9. Bxe5 Rh7 10. e3 Bg7 11. Bf4 h5 12. c4 Bd7 13. Qb3 Bc6 14. c5 Qd7 15.
Bg5 Bf6 16. f4 a6 17. O-O-O Rb8 18. Bxa6 Ba4 19. Qb4 Bxd1 20. Rxd1 Qc6 21. Bb5
Qxb5 22. Qxb5+ c6 23. Qd3 b6 24. Qb3 b5 25. e4 Bxd4 26. Nf1 Bxc5 27. Qc3 Rd7
28. Qxc5 Ne7 29. Bxe7 Rxe7 30. Qxc6+ Kf7 31. exf5 Kf6 32. Ne3 Rbb7 33. Nxd5+
Kf7 34. Nxe7 Rxe7 35. Rd7 Rxd7 36. fxe6+ 1-0

[Event "2023 Wolfgang Leonhardt Cup"]
[Site "Woodvale, Perth WA AUS"]
[Date "2023.09.13"]
[Round "5"]
[White "Maggs, Derwent"]
[Black "Maris, Rob"]
[Result "1-0"]
[WhiteElo "2251"]
[BlackElo "2044"]
[PlyCount "81"]
[EventDate "2023.08.09"]
[EventType "swiss"]
[EventRounds "7"]
[EventCountry "AUS"]
[TimeControl "3600+30"]

1. e4 c5 2. Nf3 Nc6 3. d4 cxd4 4. Nxd4 Nf6 5. Nc3 d6 6. Be2 e6 7. O-O Be7 8.
Be3 a6 9. f4 Qc7 10. Nxc6 bxc6 11. Bf3 Rb8 12. b3 c5 13. Qd3 Nd7 14. Na4 Bb7
15. Rad1 Bc6 16. Nb2 Nb6 17. c4 Nd7 18. Bd2 Bf6 19. Bc3 Bxc3 20. Qxc3 Nf6 21.
e5 dxe5 22. Qxe5 Rc8 23. Qxc5 Bxf3 24. Qxc7 Rxc7 25. Rxf3 Rd7 26. Rfd3 Ke7 27.
Rxd7+ Nxd7 28. Na4 Rb8 29. Kf2 a5 30. Rd3 f6 31. Ke3 Rb7 32. g3 Rc7 33. Kd4 Rc6
34. c5 e5+ 35. Kd5 Re6 36. f5 Ra6 37. c6 Nb6+ 38. Nxb6 Rxb6 39. Kc5 Rb8 40.
Rd7+ Ke8 41. Rxg7 1-0

[Event "2023 Wolfgang Leonhardt Cup"]
[Site "Woodvale, Perth WA AUS"]
[Date "2023.09.13"]
[Round "5"]
[White "Lakner, Jay"]
[Black "Clarke, Daniel"]
[Result "1-0"]
[WhiteElo "2144"]
[BlackElo "1902"]
[PlyCount "133"]
[EventDate "2023.08.09"]
[EventType "swiss"]
[EventRounds "7"]
[EventCountry "AUS"]
[TimeControl "3600+30"]

1. c4 Nf6 2. Nc3 e6 3. e4 d5 4. e5 d4 5. exf6 dxc3 6. bxc3 Qxf6 7. d4 Nc6 8.
Nf3 e5 9. Bg5 Qg6 10. d5 Nb8 11. Qe2 e4 12. Bf4 Na6 13. Nh4 Qg4 14. Qxe4+ Be7
15. g3 Qd7 16. Be3 O-O 17. Nf3 Nc5 18. Qc2 Qf5 19. Qxf5 Bxf5 20. Nd4 Bg6 21.
Bg2 Bd3 22. Nb3 Rfe8 23. O-O-O Nxb3+ 24. axb3 Ba3+ 25. Kd2 Bg6 26. Ra1 Bd6 27.
c5 Be5 28. f4 Bxc3+ 29. Kxc3 Rxe3+ 30. Kb4 Bc2 31. Rhe1 Rxe1 32. Rxe1 Kf8 33.
g4 Re8 34. Rxe8+ Kxe8 35. Kc3 Bd1 36. h3 Kd7 37. b4 b6 38. Be4 h5 39. Kd2 Bb3
40. gxh5 a5 41. bxa5 bxa5 42. Kc3 a4 43. Bf3 Ke7 44. h4 Kd7 45. Be4 Ke7 46. Kb4
Bd1 47. Bd3 Bf3 48. Bc4 Bd1 49. Bb5 Bf3 50. Bc6 Bxh5 51. Bxa4 Bf3 52. Kc4 Be4
53. Kd4 Bf3 54. Bc2 Bg4 55. Be4 g6 56. Ke5 Bh3 57. f5 f6+ 58. Kf4 gxf5 59. Bxf5
Bg2 60. Be4 Bh3 61. h5 Kf7 62. h6 Bd7 63. Bf5 Ba4 64. Ke3 Bd1 65. h7 Kg7 66. d6
cxd6 67. c6 1-0

[Event "2023 Wolfgang Leonhardt Cup"]
[Site "Woodvale, Perth WA AUS"]
[Date "2023.09.13"]
[Round "5"]
[White "Saxon, Marc"]
[Black "Plaganyi, Gyula"]
[Result "1-0"]
[WhiteElo "2053"]
[BlackElo "1972"]
[BlackTitle "CM"]
[PlyCount "91"]
[EventDate "2023.08.09"]
[EventType "swiss"]
[EventRounds "7"]
[EventCountry "AUS"]
[TimeControl "3600+30"]

1. e4 c5 2. Nf3 g6 3. d4 cxd4 4. Nxd4 Nc6 5. Be3 Nf6 6. Nc3 Bg7 7. Be2 O-O 8.
f4 Qb6 9. Nxc6 Qxe3 10. Nxe7+ Kh8 11. Qd2 Ng4 12. O-O-O Bxc3 13. bxc3 Qxd2+ 14.
Rxd2 Nf2 15. Re1 Nxe4 16. Rd3 d5 17. Nxd5 Nc5 18. Re3 Be6 19. Nc7 Rac8 20. Nxe6
Nxe6 21. g3 Nc5 22. Re7 Kg7 23. Bf3 Na4 24. Rxb7 Rxc3 25. Bd5 Nc5 26. Rxa7 Rd8
27. Rxf7+ Kh8 28. Be4 Kg8 29. Re7 Rd4 30. Re5 Kg7 31. Re2 Rcc4 32. Bd5 Nd3+ 33.
Kb1 Nxe5 34. Rxe5 Rd1+ 35. Kb2 Rcd4 36. Bb3 R1d2 37. Re7+ Kh8 38. a4 Rxh2 39.
a5 Rd6 40. Bc4 Rc6 41. Bd3 Rd2 42. a6 Rc8 43. a7 Rd1 44. Rb7 Re1 45. Bb5 Re4
46. Rb8 1-0

[Event "2023 Wolfgang Leonhardt Cup"]
[Site "Woodvale, Perth WA AUS"]
[Date "2023.09.13"]
[Round "5"]
[White "O'Shaughnessy, Dave"]
[Black "Kerr, Lennon"]
[Result "1-0"]
[WhiteElo "1977"]
[BlackElo "1576"]
[PlyCount "59"]
[EventDate "2023.08.09"]
[EventType "swiss"]
[EventRounds "7"]
[EventCountry "AUS"]
[TimeControl "3600+30"]

1. Nf3 d5 2. e3 Nc6 3. d4 Bg4 4. Be2 e6 5. h3 Bh5 6. Nbd2 Nf6 7. c3 Bd6 8. Qc2
e5 9. dxe5 Nxe5 10. Nxe5 Bxe5 11. Bxh5 Nxh5 12. Qf5 Qd6 13. Qxh5 O-O-O 14. Nf3
Rde8 15. Qf5+ Kb8 16. Bd2 g6 17. Qd3 c5 18. Nxe5 Rxe5 19. O-O-O Rhe8 20. Rhe1
c4 21. Qd4 Re4 22. Qg7 Qa6 23. Kb1 Qb5 24. Qxf7 R4e6 25. Bc1 R8e7 26. Qf4+ Ka8
27. Rd4 a5 28. Red1 Re4 29. Rxe4 Rxe4 30. Qd6 1-0

[Event "2023 Wolfgang Leonhardt Cup"]
[Site "Woodvale, Perth WA AUS"]
[Date "2023.09.13"]
[Round "5"]
[White "Roebuck, Derek"]
[Black "Curthoys, Edward"]
[Result "0-1"]
[WhiteElo "1796"]
[BlackElo "1848"]
[PlyCount "44"]
[EventDate "2023.08.09"]
[EventType "swiss"]
[EventRounds "7"]
[EventCountry "AUS"]
[TimeControl "3600+30"]

1. e4 c6 2. Nc3 d5 3. d4 dxe4 4. Nxe4 Nd7 5. Bd3 Ngf6 6. Ng3 g6 7. Nf3 Bg7 8.
O-O O-O 9. c3 c5 10. dxc5 Nxc5 11. Be2 Qc7 12. Qc2 Bd7 13. Be3 Nd5 14. Bxc5
Qxc5 15. Rad1 Nb6 16. h3 Rfd8 17. Ne4 Qc7 18. Qc1 Na4 19. Nd4 a6 20. Bf3 Rac8
21. g4 b5 22. Rfe1 b4 0-1

[Event "2023 Wolfgang Leonhardt Cup"]
[Site "Woodvale, Perth WA AUS"]
[Date "2023.09.13"]
[Round "5"]
[White "Doshi, Chirag"]
[Black "Stortz, Robert"]
[Result "1-0"]
[WhiteElo "1870"]
[BlackElo "1796"]
[PlyCount "83"]
[EventDate "2023.08.09"]
[EventType "swiss"]
[EventRounds "7"]
[EventCountry "AUS"]
[TimeControl "3600+30"]

1. e4 c6 2. d4 d5 3. Nc3 dxe4 4. Nxe4 Nf6 5. Nxf6+ exf6 6. Nf3 Bd6 7. Bd3 Be6
8. O-O O-O 9. c4 Nd7 10. h3 Re8 11. d5 cxd5 12. cxd5 Bxd5 13. Bxh7+ Kxh7 14.
Qxd5 Ne5 15. Nxe5 Bxe5 16. Qxf7 Re7 17. Qb3 b6 18. Be3 Rc8 19. Rac1 Rxc1 20.
Rxc1 Rd7 21. Qc2+ Kh8 22. Qe2 Kg8 23. b3 Kh8 24. g3 Kg8 25. Kh2 Rd3 26. Qg4 Rd7
27. Qe6+ Kh7 28. Rc4 Bd4 29. Qe4+ f5 30. Qxf5+ g6 31. Qf4 Bxe3 32. Qxe3 Qf6 33.
Rh4+ Kg7 34. Qh6+ Kg8 35. Rf4 Qd6 36. Rh4 Qf6 37. Rf4 Qd6 38. Qg5 Kg7 39. h4
Qd2 40. h5 Rd6 41. hxg6 Rxg6 42. Rf7+ 1-0